Applied Artificial Intelligence in Business Concepts and Cases
Uložené v:
| Hlavný autor: | |
|---|---|
| Ďalší autori: | , |
| Médium: | Kniha |
| Jazyk: | English |
| Vydavateľské údaje: |
Cham
Springer
2022
|
| Predmet: | |
| Tagy: |
Žiadne tagy, Buďte prvý, kto otaguje tento záznam!
|
MARC
| LEADER | 00000nam a2200000 4500 | ||
|---|---|---|---|
| 001 | 0304688 | ||
| 005 | 20250213091639.7 | ||
| 020 | |a 978-3-031-05742-7 | ||
| 041 | 0 | |a eng | |
| 044 | |a CH | ||
| 245 | 1 | 0 | |a Applied Artificial Intelligence in Business |b Concepts and Cases |c Leong Chan, Liliya Hogaboam, Renzhi Cao |
| 264 | 1 | |a Cham |b Springer |c 2022 | |
| 300 | |a 368 s. | ||
| 610 | 2 | 0 | |a inteligencia umelá |
| 610 | 2 | 0 | |a inovácie technologické |
| 610 | 2 | 0 | |a kybernetika aplikovaná |
| 610 | 2 | 0 | |a učenie strojové |
| 610 | 2 | 0 | |a algoritmy |
| 610 | 2 | 0 | |a zber dát |
| 610 | 2 | 0 | |a analýza dát |
| 610 | 2 | 0 | |a podnikanie |
| 610 | 2 | 0 | |a marketing |
| 610 | 2 | 0 | |a predaj |
| 610 | 2 | 0 | |a financie |
| 610 | 2 | 0 | |a účtovníctvo |
| 610 | 2 | 0 | |a ruch cestovný |
| 100 | 1 | |a Chan, Leong | |
| 700 | 1 | |a Hogaboam, Liliya | |
| 700 | 1 | |a Cao, Renzhi | |